Т. 12, № 11; Наукоемкие технологии

Bibliographische Detailangaben
Parent link:Наукоемкие технологии: научно-технический журнал. Т. 12, № 11.— , 2001-
Sprache:Russisch
Veröffentlicht: 2011
Format: MixedMaterials Buch
KOHA link:https://koha.lib.tpu.ru/cgi-bin/koha/opac-detail.pl?biblionumber=467318

MARC

LEADER 00000nam2a2200000 4500
001 467318
005 20231101090739.0
035 |a (RuTPU)RU\TPU\prd\131967 
090 |a 467318 
100 |a 20120209a20009999k y0rusy50 ca 
101 0 |a rus 
102 |a RU 
200 0 |a Т. 12, № 11 
210 |d 2011 
461 1 |0 (RuTPU)RU\TPU\prd\1139  |t Наукоемкие технологии  |o  научно-технический журнал  |v Т. 12, № 11  |d 2001- 
801 0 |a RU  |b 63413507  |c 20010227  |g PSBO 
801 1 |a RU  |b 63413507  |c 20120209 
801 2 |a RU  |b 63413507  |c 20210224  |g RCR 
942 |c BK 
999 |a НТБ_ТПУ  |b НФ  |e -1/20110111  |p П-9255  |s 2/20110408  |u 0,00  |v 1